<?xml version="1.0" encoding="UTF-8"?>
<record
    xmlns:xsi="http://www.w3.org/2001/XMLSchema-instance"
    xsi:schemaLocation="http://www.loc.gov/MARC21/slim http://www.loc.gov/standards/marcxml/schema/MARC21slim.xsd"
    xmlns="http://www.loc.gov/MARC21/slim">

  <leader>00929nam0a22002651  4500</leader>
  <controlfield tag="001">rc\224221</controlfield>
  <controlfield tag="005">20250621003357.0</controlfield>
  <datafield tag="010" ind1=" " ind2=" ">
    <subfield code="a">5-640-00521-1</subfield>
    <subfield code="9">1500</subfield>
  </datafield>
  <datafield tag="035" ind1=" " ind2=" ">
    <subfield code="a">(NLR Aleph) 005478014</subfield>
  </datafield>
  <datafield tag="090" ind1=" " ind2=" ">
    <subfield code="a">5101757</subfield>
    <subfield code="c">5101757</subfield>
  </datafield>
  <datafield tag="100" ind1=" " ind2=" ">
    <subfield code="a">20030307d1990    |||y0rusy50      ca</subfield>
  </datafield>
  <datafield tag="101" ind1="0" ind2=" ">
    <subfield code="a">rus</subfield>
  </datafield>
  <datafield tag="102" ind1=" " ind2=" ">
    <subfield code="a">RU</subfield>
  </datafield>
  <datafield tag="105" ind1=" " ind2=" ">
    <subfield code="a">y   |||||||||</subfield>
  </datafield>
  <datafield tag="200" ind1="1" ind2=" ">
    <subfield code="a">&#x418;&#x43D;&#x442;&#x435;&#x43D;&#x441;&#x438;&#x444;&#x438;&#x43A;&#x430;&#x446;&#x438;&#x44F; &#x438;&#x441;&#x43F;&#x43E;&#x43B;&#x44C;&#x437;&#x43E;&#x432;&#x430;&#x43D;&#x438;&#x44F; &#x43E;&#x441;&#x43D;&#x43E;&#x432;&#x43D;&#x44B;&#x445; &#x444;&#x43E;&#x43D;&#x434;&#x43E;&#x432;</subfield>
  </datafield>
  <datafield tag="210" ind1=" " ind2=" ">
    <subfield code="a">&#x422;&#x430;&#x448;&#x43A;&#x435;&#x43D;&#x442;</subfield>
    <subfield code="c">&#x423;&#x437;&#x431;&#x435;&#x43A;&#x438;&#x441;&#x442;&#x43E;&#x43D;</subfield>
    <subfield code="d">1990</subfield>
  </datafield>
  <datafield tag="215" ind1=" " ind2=" ">
    <subfield code="a">183 &#x441;.</subfield>
    <subfield code="d">20</subfield>
  </datafield>
  <datafield tag="300" ind1=" " ind2=" ">
    <subfield code="a">&#x41F;&#x435;&#x440;&#x435;&#x434; &#x432;&#x44B;&#x43F;. &#x434;&#x430;&#x43D;. &#x430;&#x432;&#x442;.: &#x411;&#x43E;&#x440;&#x438;&#x441; &#x410;&#x43D;&#x430;&#x442;&#x43E;&#x43B;&#x44C;&#x435;&#x432;&#x438;&#x447; &#x423;&#x431;&#x430;&#x439;&#x434;&#x43E;&#x432;, &#x421;&#x430;&#x438;&#x444;&#x443;&#x43B;&#x43B;&#x430; &#x421;&#x430;&#x444;&#x430;&#x440;&#x43E;&#x432;&#x438;&#x447; &#x425;&#x430;&#x438;&#x442;&#x43E;&#x432;</subfield>
  </datafield>
  <datafield tag="700" ind1=" " ind2="1">
    <subfield code="a">&#x423;&#x431;&#x430;&#x439;&#x434;&#x43E;&#x432;</subfield>
    <subfield code="b">&#x411;.&#x410;.</subfield>
    <subfield code="g">&#x411;&#x430;&#x445;&#x43E;&#x440; &#x410;&#x43C;&#x43A;&#x438;&#x440;&#x43E;&#x432;&#x438;&#x447;</subfield>
  </datafield>
  <datafield tag="701" ind1=" " ind2="1">
    <subfield code="a">&#x425;&#x430;&#x438;&#x442;&#x43E;&#x432;</subfield>
    <subfield code="b">&#x421;.&#x421;.</subfield>
    <subfield code="g">&#x421;&#x430;&#x439;&#x444;&#x443;&#x43B;&#x43B;&#x43E; &#x421;&#x430;&#x444;&#x430;&#x440;&#x43E;&#x432;&#x438;&#x447;</subfield>
  </datafield>
  <datafield tag="801" ind1=" " ind2="0">
    <subfield code="a">RU</subfield>
    <subfield code="b">NLR</subfield>
    <subfield code="g">psbo</subfield>
  </datafield>
  <datafield tag="801" ind1=" " ind2="1">
    <subfield code="a">RU</subfield>
    <subfield code="b">ELAR</subfield>
    <subfield code="2">rusmarc</subfield>
  </datafield>
  <datafield tag="852" ind1=" " ind2=" ">
    <subfield code="a">NLR</subfield>
    <subfield code="j">90-3/13586</subfield>
  </datafield>
  <datafield tag="942" ind1=" " ind2=" ">
    <subfield code="c">BOOK</subfield>
  </datafield>
  <datafield tag="980" ind1=" " ind2=" ">
    <subfield code="a">NB</subfield>
  </datafield>
  <datafield tag="995" ind1=" " ind2=" ">
    <subfield code="5">2013-10-26</subfield>
    <subfield code="b">NLR01</subfield>
    <subfield code="c">NLR01</subfield>
    <subfield code="e">RF9</subfield>
    <subfield code="f">5478014-10</subfield>
    <subfield code="k">90-3/13586</subfield>
    <subfield code="o">0</subfield>
    <subfield code="r">BOOK</subfield>
    <subfield code="s">90313586_</subfield>
  </datafield>
</record>
